Acteurs et actrices des années 2000 par images #2 - Statistiques

Statistiques générales
  • Ce quiz a été pris 307 fois
  • Le résultat moyen est 12 sur 20
Statistiques - réponses
Par images Réponse % Correct
Emma Watson
94%
Dany Boon
90%
Daniel Radcliffe
87%
Natalie Portman
87%
Angelina Jolie
86%
Audrey Tautou
75%
Kate Winslet
70%
Helena Bonham-Carter
59%
Orlando Bloom
58%
Jamie Foxx
55%
Charlize Theron
52%
Jake Gyllenhaal
52%
Mathieu Kassovitz
50%
Heath Ledger
46%
Alan Rickman
45%
Catherine Frot
38%
Gary Oldman
37%
Reese Witherspoon
37%
Viggo Mortensen
36%
Lucy Liu
35%
Aucun quiz correspondant
Distribution des résultats
% des personnes avec chaque résultat
Percentile par nombre de réponses
Votre historique - résultats
Vous n’avez pas pris ce quiz